| 000 | 00356nam a2200133Ia 4500 | ||
|---|---|---|---|
| 008 | 210210b1971 xxu||||| |||| 00| 0 eng d | ||
| 082 | _a320.95414 GOYC | ||
| 100 | _aGOYAL (Narendra). | ||
| 245 | _aCity in turmoil. | ||
| 260 |
_aCalcutta _bGandhi Peace Foundation _c1971 |
||
| 300 | _axii,136 | ||
| 690 | _aPolitical Situation & Condition | ||
| 906 | _a029838 | ||
| 999 |
_c81038 _d81038 |
||